000 00531nam a2200157 i 4500
001 83017
003 ES-MaACL
005 20230906174751.0
007 t|
008 041115s1979 sp s ||||1| spa d
245 0 0 _aContabilidad nacional de España
_b: base, 1970 : años 1964-76, 77 provisional y avance de 1978 /
_cInstituto Nacional de Estadística.
260 _a[Madrid :
_bs.n.,
_c1979]
300 _a271 p. ;
_c29 cm.
710 2 _aInstituto Nacional de Estadística (España)
_95162
852 _aES-MaACL
_jA-10522
_bR.99791
999 _c83017
_d83017